00553cam a22001457a 4500008004000000082001200040100002400052245013900076260003700215300001000252650002100262650002200283999001900305952008300324180718b1979 xxu||||| |||| 00| 0 eng d aL1 H812 aHouck, Lewis Daniel aA practical guide to budgetary and management control systems: a functional and performance evaluation approachcby Lewis Daniel Houck aLexingtonbLexington Booksc1979 a234p. aAccounting, Cost aBudgetary control c346578d346578 00104070aIIPAbIIPAd1993-10-12oL1 H812p57242r2018-07-21w2018-07-21yBK